[Event "chess.com SpeedChess Q2Sw"]
[Site "chess.com INT"]
[Date "2022.11.12"]
[Round "3"]
[White "Czerw, Dawid"]
[Black "Kosakowski, Jakub"]
[Result "0-1"]
[WhiteTitle "FM"]
[BlackTitle "IM"]
[WhiteElo "2373"]
[BlackElo "2475"]
[WhiteFideId "1145746"]
[BlackFideId "1185080"]
[EventDate "2022.11.12"]

1. d4 Nf6 2. c4 e6 3. g3 c5 4. Nf3 cxd4 5. Nxd4 d5 6. Bg2 e5 7. Nf3 d4 8. O-O
Nc6 9. e3 Be7 10. exd4 exd4 11. Bf4 O-O 12. Nbd2 Nh5 13. Be5 Bg4 14. Qb3 f6 15.
Bf4 Nxf4 16. gxf4 Qc7 17. Rfe1 Kh8 18. h3 Bd7 19. Ne4 Bb4 20. Red1 a5 21. a3 a4
22. Qc2 Ba5 23. Nxd4 Qxf4 24. Nb5 Bf5 25. Qc1 Qh4 26. Ng3 Bg6 27. Qe3 Ne5 28.
Rac1 Nxc4 29. Qc5 Nxb2 30. Rd7 Nd3 31. Qd4 Qxd4 0-1

[Event "chess.com SpeedChess Q2Sw"]
[Site "chess.com INT"]
[Date "2022.11.12"]
[Round "3"]
[White "Dehtiarov, Roman"]
[Black "Kovalenko, Igor"]
[Result "0-1"]
[WhiteTitle "FM"]
[BlackTitle "GM"]
[WhiteElo "2300"]
[BlackElo "2674"]
[WhiteFideId "14186640"]
[BlackFideId "14117908"]
[EventDate "2022.11.12"]

1. e4 c5 2. Nc3 Nc6 3. f4 g6 4. Nf3 Bg7 5. Bb5 Nd4 6. O-O Nxb5 7. Nxb5 d6 8. Nc3
Nf6 9. d3 O-O 10. Qe1 e6 11. Bd2 Rb8 12. Qh4 Nd7 13. Qxd8 Rxd8 14. Nb5 Nf8 15.
e5 dxe5 16. fxe5 Bd7 17. Nd6 Bc6 18. Bc3 b5 19. b4 Bxf3 20. Rxf3 Rxd6 21. bxc5
Rc6 22. d4 g5 23. Raf1 Rb7 24. Ba5 Rc8 25. c3 Ng6 26. g3 h6 27. Bb4 a6 28. Ba5
Rd7 29. R3f2 g4 30. Kg2 h5 31. h4 Bxe5 32. dxe5 Rxc5 33. Bb6 Rxc3 34. Re1 Rc6
35. Ba5 Rc5 36. Rfe2 Rdd5 37. Bb4 Rc4 38. a3 Kg7 39. Bd6 Rc3 40. Rf1 Rdd3 41.
Ref2 Rxg3+ 42. Kh1 Rh3+ 43. Kg1 Rcg3+ 44. Rg2 Rxg2+ 45. Kxg2 Nxh4+ 46. Kg1 Nf5
47. Bb4 Re3 48. Kg2 Kg6 49. Rc1 Rxe5 50. Rc8 Re2+ 51. Kf1 Ng3+ 52. Kg1 h4 53.
Rg8+ Kf5 54. a4 h3 55. Rh8 Rg2# 0-1

[Event "chess.com SpeedChess Q2Sw"]
[Site "chess.com INT"]
[Date "2022.11.12"]
[Round "3"]
[White "Harikrishna, Pentala"]
[Black "Barria Zuniga, Daniel"]
[Result "1-0"]
[WhiteTitle "GM"]
[BlackTitle "IM"]
[WhiteElo "2715"]
[BlackElo "2341"]
[WhiteFideId "5007003"]
[BlackFideId "3400816"]
[EventDate "2022.11.12"]

1. Nf3 Nf6 2. g3 d6 3. d4 h6 4. Bg2 Bf5 5. c4 Bh7 6. Qb3 Qc8 7. Nc3 Nbd7 8. O-O
e5 9. h3 c6 10. Be3 Be7 11. Rad1 O-O 12. dxe5 dxe5 13. Nd2 Qc7 14. Nde4 Nxe4 15.
Nxe4 Nf6 16. Nc5 b6 17. Na6 Qb7 18. Nb4 e4 19. Rd2 Rad8 20. Rfd1 Rxd2 21. Rxd2
Rd8 22. Rxd8+ Bxd8 23. Qa4 c5 24. Qc6 Qe7 25. Nd5 Nxd5 26. cxd5 Bf5 27. d6 Qe6
28. g4 Bg6 29. Bf4 f5 30. Qa8 Qd7 31. gxf5 Bxf5 32. Bxe4 Bxe4 33. Qxe4 Kf7 34.
Kg2 Bf6 35. b3 h5 36. Qd5+ Kf8 37. e4 1-0

[Event "chess.com SpeedChess Q2Sw"]
[Site "chess.com INT"]
[Date "2022.11.12"]
[Round "3"]
[White "Bok, Benjamin"]
[Black "Shipov, Sergei"]
[Result "1-0"]
[WhiteTitle "GM"]
[BlackTitle "GM"]
[WhiteElo "2618"]
[BlackElo "2541"]
[WhiteFideId "1017063"]
[BlackFideId "4113624"]
[EventDate "2022.11.12"]

1. c4 Nf6 2. g3 c6 3. Bg2 d5 4. Nf3 Bg4 5. Ne5 Be6 6. cxd5 cxd5 7. O-O Nc6 8. d4
Rc8 9. Nc3 a6 10. Bg5 h6 11. Bxf6 gxf6 12. Nxc6 bxc6 13. e4 dxe4 14. Bxe4 Bd5
15. Bxd5 cxd5 16. Qa4+ Qd7 17. Qxd7+ Kxd7 18. Nxd5 Rc2 19. b3 f5 20. Ne3 Rd2 21.
Rfd1 Rxd1+ 22. Rxd1 e6 23. d5 Bc5 24. dxe6+ Kxe6 25. Nc4 f4 26. Kg2 fxg3 27.
hxg3 h5 28. f4 Be7 29. Re1+ Kf6 30. Re5 h4 31. Ra5 hxg3 32. Rxa6+ Kf5 33. Kf3
Rg8 34. Ne3# 1-0

[Event "chess.com SpeedChess Q2Sw"]
[Site "chess.com INT"]
[Date "2022.11.12"]
[Round "3"]
[White "Rudykh, Stepan"]
[Black "Csonka, Balazs"]
[Result "0-1"]
[WhiteTitle "CM"]
[BlackTitle "IM"]
[WhiteElo "2218"]
[BlackElo "2497"]
[WhiteFideId "4180321"]
[BlackFideId "742910"]
[EventDate "2022.11.12"]

1. e4 e5 2. Nf3 Nc6 3. Bb5 a6 4. Ba4 Nf6 5. d4 exd4 6. O-O Be7 7. Re1 b5 8. Bb3
d6 9. Bd5 Nxd5 10. exd5 Ne5 11. Nxd4 O-O 12. a4 Bg4 13. f3 Bd7 14. Nc3 b4 15.
Ne4 f5 16. Nf2 Qc8 17. Bf4 Bf6 18. Nd3 Ng6 19. Be3 Qb7 20. Nc6 a5 21. Bd4 Bxd4+
22. Nxd4 Qxd5 23. Ne2 Rae8 24. Qd2 Qb7 25. c3 Qb6+ 26. Kh1 c5 27. cxb4 axb4 28.
a5 Qa6 29. b3 Bb5 30. Nec1 Rxe1+ 31. Qxe1 Re8 32. Qd2 Ne5 33. Nf4 Qc6 34. Ncd3
Nxd3 35. Nxd3 Qd5 36. Re1 Rxe1+ 37. Qxe1 Qxd3 38. Kg1 Qd4+ 39. Kh1 Qe5 40. Qc1
Ba6 41. h3 f4 0-1

[Event "chess.com SpeedChess Q2Sw"]
[Site "chess.com INT"]
[Date "2022.11.12"]
[Round "3"]
[White "Kabanova, Ekaterina"]
[Black "Sadovsky, Artem"]
[Result "0-1"]
[WhiteTitle "WFM"]
[BlackTitle "IM"]
[WhiteElo "2088"]
[BlackElo "2276"]
[WhiteFideId "24112917"]
[BlackFideId "4155840"]
[EventDate "2022.11.12"]

1. c4 g6 2. Nf3 Bg7 3. e3 e5 4. Qc2 f5 5. d3 Nc6 6. a3 Nf6 7. Nbd2 d5 8. cxd5
Nxd5 9. Be2 O-O 10. O-O Be6 11. h3 Qf6 12. Nh2 Rad8 13. Rb1 a5 14. b3 Bh6 15.
Ndf3 Rfe8 16. Re1 Bf7 17. Bb2 Bxe3 18. fxe3 Nxe3 19. Qc5 f4 20. Ng4 Nxg4 21.
hxg4 Rd5 22. Qc2 h5 23. g5 Qf5 24. Bf1 Rb5 25. Ba1 Bd5 26. Qd1 Bxf3 27. Qxf3 Kh7
28. d4 e4 29. Rxe4 Rxe4 30. Bxb5 Re3 31. Qf1 f3 32. d5 f2+ 33. Kh1 Qf4 34. Qc4
Re1+ 0-1

[Event "chess.com SpeedChess Q2Sw"]
[Site "chess.com INT"]
[Date "2022.11.12"]
[Round "3"]
[White "Goltsev, Dmitry"]
[Black "Feng, Eric"]
[Result "1-0"]
[WhiteTitle "FM"]
[WhiteElo "2232"]
[BlackElo "1885"]
[WhiteFideId "24176710"]
[BlackFideId "30952590"]
[EventDate "2022.11.12"]

1. e4 c6 2. d4 d5 3. Nc3 dxe4 4. Nxe4 Bf5 5. Ng3 Bg6 6. Nh3 e6 7. Nf4 Bd6 8. c3
Nf6 9. h4 Qc7 10. Qf3 Bxf4 11. Bxf4 Qb6 12. b3 h6 13. Bc4 Nbd7 14. O-O O-O 15.
h5 Bh7 16. Rfe1 Nd5 17. Bd2 N7f6 18. Nf1 c5 19. dxc5 Qxc5 20. Ne3 Nxe3 21. Bxe3
Qxh5 22. Qxh5 Nxh5 23. Rad1 Rfd8 24. Bxa7 Rxd1 25. Rxd1 Bc2 26. Rd2 Bxb3 27.
axb3 Rxa7 28. Rd8+ Kh7 29. Rd7 Kg8 30. Rd8+ Kh7 31. Rd7 Kg8 32. g3 Nf6 33. Rc7
g6 34. Kg2 Kg7 35. Bxe6 Ne4 36. Rxf7+ Kh8 37. Rf3 Ng5 38. Re3 Nxe6 39. Rxe6 Kg7
40. Rb6 Kf7 41. Kf3 Kg7 42. Ke3 h5 43. f4 Kh7 44. Kd4 Kg7 45. c4 Kh7 46. c5 Kg7
47. Kc4 Kh7 48. Kb5 Kg7 49. b4 Kh7 50. Rd6 Ra3 51. Rd7+ Kh6 52. Rxb7 Rxg3 53. c6
Rc3 54. c7 h4 55. Kb6 h3 56. Rb8 Kh5 57. c8=Q Rxc8 58. Rxc8 Kg4 59. Rh8 Kg3 60.
Kc6 h2 61. b5 Kg2 62. b6 h1=Q 63. Rxh1 Kxh1 64. b7 Kg2 65. b8=Q Kf3 66. Qe5 1-0

[Event "chess.com SpeedChess Q2Sw"]
[Site "chess.com INT"]
[Date "2022.11.12"]
[Round "3"]
[White "Sellitti, Federico"]
[Black "Selkirk, Rebecca"]
[Result "1-0"]
[BlackTitle "WCM"]
[WhiteElo "2176"]
[BlackElo "1674"]
[WhiteFideId "821829"]
[BlackFideId "14306514"]
[EventDate "2022.11.12"]

1. e4 c5 2. Nc3 e6 3. g3 d5 4. Bg2 d4 5. Nce2 Nc6 6. d3 e5 7. f4 Bd6 8. Nf3 Bg4
9. O-O Nf6 10. h3 Bxf3 11. Rxf3 O-O 12. f5 b5 13. g4 c4 14. Ng3 h6 15. g5 hxg5
16. Bxg5 Be7 17. Bxf6 Bxf6 18. Nh5 Bg5 19. f6 g6 20. Qe1 Kh7 21. Qg3 Bh6 22. Ng7
Rg8 23. Raf1 Bxg7 24. fxg7 Rxg7 25. Rxf7 Rxf7 26. Rxf7+ 1-0

[Event "chess.com SpeedChess Q2Sw"]
[Site "chess.com INT"]
[Date "2022.11.12"]
[Round "3"]
[White "Costello, Alexander"]
[Black "Pakleza, Zbigniew"]
[Result "0-1"]
[WhiteTitle "IM"]
[BlackTitle "GM"]
[WhiteElo "2224"]
[BlackElo "2496"]
[WhiteFideId "2099659"]
[BlackFideId "1119290"]
[EventDate "2022.11.12"]

1. e4 d6 2. d4 Nf6 3. f3 Nbd7 4. Be3 e5 5. d5 Be7 6. c4 O-O 7. Qd2 Ne8 8. Nc3 g6
9. g4 Ng7 10. O-O-O f5 11. gxf5 gxf5 12. Bh3 f4 13. Bf2 Kh8 14. Nge2 Nf6 15.
Bxc8 Qxc8 16. h4 Nfh5 17. Rdg1 Rg8 18. Kb1 a6 19. Rg2 Qd7 20. Nc1 Ne8 21. Rxg8+
Kxg8 22. Nd3 b6 23. b4 a5 24. Ka1 Kf7 25. bxa5 Rxa5 26. Nb4 Nef6 27. Nc6 Ra8 28.
Nb5 Qc8 29. Rg1 Nd7 30. Nxe7 Kxe7 31. Rg5 Nhf6 32. h5 Kf7 33. Bh4 Nc5 34. Rf5
Nb3+ 35. Kb2 Nxd2 0-1

[Event "chess.com SpeedChess Q2Sw"]
[Site "chess.com INT"]
[Date "2022.11.12"]
[Round "3"]
[White "Dauner, Benedikt"]
[Black "Yeletsky, Ivan"]
[Result "0-1"]
[WhiteTitle "FM"]
[BlackTitle "FM"]
[WhiteElo "2336"]
[BlackElo "2491"]
[WhiteFideId "16225899"]
[BlackFideId "24180327"]
[EventDate "2022.11.12"]

1. Nf3 d6 2. d4 g6 3. b3 Bg7 4. Bb2 Nf6 5. g3 b5 6. Bg2 Bb7 7. O-O O-O 8. c4 a6
9. a4 b4 10. d5 c6 11. dxc6 Nxc6 12. Nd4 Qd7 13. Nxc6 Bxc6 14. Nd2 Bxg2 15. Kxg2
Qb7+ 16. Nf3 Rfd8 17. Qc2 Ne4 18. Bxg7 Kxg7 19. Rad1 Nc3 20. Rd4 d5 21. cxd5
Rxd5 22. Qd3 Rad8 23. Rxd5 Rxd5 24. Qc4 Rd2 25. e4 Nxe4 26. h4 h5 27. Kg1 Rd8
28. Re1 Nxg3 29. Kg2 Nf5 30. Kf1 Qxf3 31. Qxb4 Qh1+ 32. Ke2 Qxh4 33. Qxh4 Nxh4
34. Rf1 Rb8 35. Ke3 Nf5+ 36. Ke4 Rxb3 37. Kd5 Rb4 38. Kc6 Rxa4 39. Kb7 Rf4 40.
Ka7 h4 41. f3 g5 42. Rh1 Kg6 43. Rg1 f6 44. Ra1 e5 45. Rxa6 h3 46. Kb7 h2 47.
Kc7 h1=Q 48. Kd7 Qxf3 49. Ke8 Qd5 50. Ra7 Ng7+ 51. Kf8 Qd8# 0-1

[Event "chess.com SpeedChess Q2Sw"]
[Site "chess.com INT"]
[Date "2022.11.12"]
[Round "3"]
[White "Fedoseev, Vladimir3"]
[Black "Donchenko, Alexander"]
[Result "1-0"]
[WhiteTitle "GM"]
[BlackTitle "GM"]
[WhiteElo "2688"]
[BlackElo "2645"]
[WhiteFideId "24130737"]
[BlackFideId "24603295"]
[EventDate "2022.11.12"]

1. Nf3 Nf6 2. g3 b6 3. Bg2 Bb7 4. c4 g6 5. Nc3 Bg7 6. d4 O-O 7. O-O Ne4 8. Nd5
e6 9. Nf4 Na6 10. a3 Qe7 11. Qc2 c5 12. d5 exd5 13. Nxd5 Bxd5 14. cxd5 Nc7 15.
Rd1 d6 16. Bf4 Rfe8 17. Rac1 Rac8 18. h4 b5 19. Ng5 Nxg5 20. hxg5 Be5 21. e4 a5
22. Qd2 b4 23. Bxe5 Qxe5 24. f4 Qe7 25. e5 Nb5 26. Re1 Nd4 27. Rc4 Qc7 28. e6
Qa7 29. Kh2 Kg7 30. axb4 axb4 31. Qd3 Rc7 32. Rxd4 cxd4 33. f5 f6 34. gxf6+ Kxf6
35. Qe4 gxf5 36. Rf1 Kg7 37. Rxf5 Kh8 38. Qf4 Qb8 39. Rf7 Rxf7 40. exf7 d3 41.
Qf6# 1-0

[Event "chess.com SpeedChess Q2Sw"]
[Site "chess.com INT"]
[Date "2022.11.12"]
[Round "3"]
[White "Nyzhnyk, Illya"]
[Black "Postnikov, Daniil"]
[Result "1-0"]
[WhiteTitle "GM"]
[BlackTitle "FM"]
[WhiteElo "2687"]
[BlackElo "2360"]
[WhiteFideId "14118084"]
[BlackFideId "4166329"]
[EventDate "2022.11.12"]

1. d4 Nf6 2. Nf3 g6 3. c4 Bg7 4. g3 O-O 5. Bg2 d6 6. O-O c6 7. Nc3 Bf5 8. Ne1
Na6 9. e4 Bg4 10. f3 Be6 11. b3 c5 12. Be3 cxd4 13. Bxd4 Nc5 14. Nc2 Rc8 15. Ne3
a6 16. f4 b5 17. b4 Ncd7 18. cxb5 Bc4 19. Nxc4 Rxc4 20. e5 dxe5 21. fxe5 Ng4 22.
Bd5 Rxb4 23. a3 Rxd4 24. Qxd4 Ngxe5 25. Kg2 axb5 26. Nxb5 e6 27. Be4 f5 28. Bb7
Ng4 29. Qd6 Ne3+ 30. Kf3 Nxf1 31. Qxe6+ Kh8 32. Rxf1 Nf6 33. Kg2 Ng4 34. Nd6 Qf6
35. Re1 Qb2+ 36. Re2 Qxa3 37. Nf7+ Rxf7 38. Qxf7 1-0

[Event "chess.com SpeedChess Q2Sw"]
[Site "chess.com INT"]
[Date "2022.11.12"]
[Round "3"]
[White "Mikaelyan, Arman"]
[Black "Kravtsiv, Martyn"]
[Result "0-1"]
[WhiteTitle "GM"]
[BlackTitle "GM"]
[WhiteElo "2556"]
[BlackElo "2598"]
[WhiteFideId "13304852"]
[BlackFideId "14113147"]
[EventDate "2022.11.12"]

1. d4 d5 2. Nf3 e6 3. Bf4 Nf6 4. e3 c5 5. Nbd2 Nc6 6. c3 Bd6 7. Bg3 O-O 8. Bd3
g6 9. dxc5 Bxc5 10. O-O b6 11. e4 Bb7 12. exd5 Nxd5 13. Nc4 b5 14. Nce5 Nxe5 15.
Nxe5 b4 16. c4 Nf6 17. Qe2 Nh5 18. Rad1 Nxg3 19. hxg3 Qc7 20. Kh2 Rad8 21. Ng4
Bd4 22. b3 Qc6 23. f3 Qc5 24. Nf2 Rd6 25. Be4 Bxf2 26. Rxf2 Rxd1 27. Bxb7 Rfd8
28. Bd5 Rd4 29. Be4 Qh5+ 30. Kg1 Rd1+ 31. Rf1 Qc5+ 32. Kh2 R1d2 33. Qe1 Rxa2 34.
g4 Rdd2 35. f4 Re2 36. Qb1 Rab2 37. Qd3 Rbd2 38. Qb1 Qd4 39. Bf3 Qxf4+ 40. Kh1
Rf2 41. Rxf2 Rxf2 42. c5 Rxf3 43. gxf3 Qxf3+ 44. Kg1 Qxg4+ 45. Kf1 Qf3+ 46. Ke1
Qh1+ 0-1

[Event "chess.com SpeedChess Q2Sw"]
[Site "chess.com INT"]
[Date "2022.11.12"]
[Round "3"]
[White "Ilkhomi, Jaloliddin"]
[Black "Shuvalova, Polina"]
[Result "0-1"]
[WhiteTitle "FM"]
[BlackTitle "IM"]
[WhiteElo "2145"]
[BlackElo "2492"]
[WhiteFideId "14700948"]
[BlackFideId "24171760"]
[EventDate "2022.11.12"]

1. d4 Nf6 2. Nf3 d5 3. c3 c5 4. Bf4 Nc6 5. e3 Nh5 6. Bg5 h6 7. Bh4 g5 8. Bg3 Qb6
9. Qc2 Nxg3 10. hxg3 Bg7 11. Nbd2 g4 12. Nh4 e5 13. dxe5 Nxe5 14. O-O-O Qf6 15.
Bb5+ Bd7 16. Bxd7+ Nxd7 17. Nb3 c4 18. Nd4 Nc5 19. Nhf5 O-O-O 20. Kb1 Kb8 21.
Nxg7 Qxg7 22. Qf5 Nd3 23. Ne2 Qg5 24. Rh5 Qg6 25. Nf4 Qxf5 26. Rxf5 Nxf2 27.
Rdxd5 Rxd5 28. Nxd5 Ne4 29. Rxf7 Rd8 30. Rf5 Nxg3 31. Re5 h5 32. Kc2 h4 33. Nf4
Nf1 34. Rg5 Nxe3+ 0-1

[Event "chess.com SpeedChess Q2Sw"]
[Site "chess.com INT"]
[Date "2022.11.12"]
[Round "3"]
[White "Manukian, Artak"]
[Black "Vemparala, Nikash"]
[Result "1-0"]
[BlackTitle "CM"]
[WhiteElo "2196"]
[BlackElo "1976"]
[WhiteFideId "13301373"]
[BlackFideId "30960967"]
[EventDate "2022.11.12"]

1. e4 e5 2. Nf3 Nc6 3. d4 exd4 4. Nxd4 Nf6 5. Nxc6 bxc6 6. e5 Qe7 7. Qe2 Nd5 8.
c4 Ba6 9. b3 g6 10. g3 Bg7 11. Bb2 O-O 12. Bg2 Nb6 13. O-O d5 14. Nd2 Rfe8 15.
Rfe1 Rad8 16. Rac1 Qc5 17. h4 h5 18. Qf3 Qe7 19. cxd5 cxd5 20. Qc3 Rc8 21. Bh3
Nd7 22. Qc6 Nb8 23. Qxd5 Rcd8 24. Qa5 Bc8 25. Rxc7 Qxc7 26. Qxc7 Bxh3 27. Ne4
Bf5 28. Nd6 Rd7 29. Qc5 Na6 30. Qa5 Rxd6 31. exd6 Rxe1+ 32. Qxe1 Bxb2 33. Qe8+
Kg7 34. d7 Bf6 35. d8=Q Bxd8 36. Qxd8 Nb4 37. Qd4+ 1-0

[Event "chess.com SpeedChess Q2Sw"]
[Site "chess.com INT"]
[Date "2022.11.12"]
[Round "3"]
[White "Fernandez Guillen, Ernesto J."]
[Black "Aaditya, Dhingra"]
[Result "1-0"]
[WhiteTitle "IM"]
[BlackTitle "CM"]
[WhiteElo "2462"]
[BlackElo "2172"]
[WhiteFideId "3512428"]
[BlackFideId "25678191"]
[EventDate "2022.11.12"]

1. e4 c5 2. Nf3 d6 3. d4 cxd4 4. Nxd4 Nf6 5. Nc3 a6 6. Bc4 e6 7. Bb3 Be7 8. Be3
Nc6 9. f3 Qc7 10. Qd2 Na5 11. g4 Bd7 12. g5 Nh5 13. O-O-O b5 14. Kb1 Rb8 15. f4
Nc4 16. Bxc4 bxc4 17. Qe2 g6 18. Bc1 O-O 19. f5 Rfc8 20. f6 Bd8 21. Qf3 Qa7 22.
Nde2 Qc5 23. Ng3 Ba5 24. Nxh5 gxh5 25. Ka1 Rb6 26. Be3 Qc7 27. Bxb6 Qxb6 28. Qf4
Rb8 29. Rb1 Qc5 30. g6 Rxb2 31. Qh6 Rxb1+ 32. Kxb1 Qb4+ 33. Kc1 Qa3+ 34. Kd1
Bxc3 35. Qg7# 1-0

[Event "chess.com SpeedChess Q2Sw"]
[Site "chess.com INT"]
[Date "2022.11.12"]
[Round "3"]
[White "Kaplan, Avi Harrison"]
[Black "Matamoros Franco, Carlos S."]
[Result "0-1"]
[BlackTitle "GM"]
[WhiteElo "2046"]
[BlackElo "2451"]
[WhiteFideId "30934559"]
[BlackFideId "3600017"]
[EventDate "2022.11.12"]

1. d4 Nf6 2. c4 c5 3. d5 g6 4. Nc3 Bg7 5. e4 d6 6. Nge2 e6 7. Ng3 exd5 8. cxd5
h5 9. Be2 h4 10. Nf1 h3 11. g4 Nbd7 12. f4 g5 13. fxg5 Nh7 14. Ng3 Nxg5 15. Nf5
Be5 16. Nb5 Nxe4 17. O-O a6 18. Qc2 Ndf6 19. Na3 Bxf5 20. Rxf5 b5 21. g5 Rg8 22.
Kh1 Qd7 23. Rxf6 Nxf6 24. gxf6 Rg2 25. Qh7 O-O-O 26. Bf3 Rdg8 27. Qxg8+ Rxg8 28.
Be3 Qf5 29. Rf1 Qd3 30. Rg1 Rxg1+ 31. Kxg1 Qxe3+ 32. Kf1 Qxf3+ 33. Ke1 Bxb2 34.
Kd2 Qc3+ 35. Ke2 Qxa3 36. Kd2 Bd4 37. Kc2 Qe3 38. a4 b4 39. a5 b3+ 40. Kd1 Qd3+
41. Ke1 Qe3+ 42. Kd1 Qg1+ 43. Kd2 Qxh2+ 44. Kd3 Qc2# 0-1

[Event "chess.com SpeedChess Q2Sw"]
[Site "chess.com INT"]
[Date "2022.11.12"]
[Round "3"]
[White "Daggupati, Balaji"]
[Black "Vifleemskaia, Svetlana"]
[Result "1-0"]
[WhiteTitle "GM"]
[BlackTitle "WFM"]
[WhiteElo "2507"]
[BlackElo "1947"]
[WhiteFideId "2090759"]
[BlackFideId "4129490"]
[EventDate "2022.11.12"]

1. e4 e5 2. Nf3 Nc6 3. Bb5 a6 4. Ba4 Nf6 5. d4 exd4 6. O-O b5 7. Bb3 d6 8. Ng5
Ne5 9. f4 Nc4 10. Bxc4 bxc4 11. Qxd4 h6 12. Nf3 Be7 13. Qxc4 O-O 14. Nc3 Bb7 15.
Bd2 d5 16. exd5 Nxd5 17. Nxd5 Bxd5 18. Qd3 Bc5+ 19. Kh1 Bc6 20. Ne5 Qxd3 21.
Nxd3 Bb6 22. Rfe1 Rfe8 23. Ne5 Bb7 24. Be3 Rad8 25. Bxb6 cxb6 26. Nd3 f6 27. Kg1
Kf7 28. Kf2 Be4 29. Rad1 g5 30. fxg5 hxg5 31. Re3 f5 32. Rde1 Rc8 33. c3 Kf6 34.
Kg1 Red8 35. Nf2 Bd5 36. b3 b5 37. Rf1 Kg6 38. Nd3 Rc6 39. Ne5+ 1-0

[Event "chess.com SpeedChess Q2Sw"]
[Site "chess.com INT"]
[Date "2022.11.12"]
[Round "3"]
[White "Wagner, Dennis"]
[Black "Gubajdullin, Alexei"]
[Result "0-1"]
[WhiteTitle "GM"]
[BlackTitle "FM"]
[WhiteElo "2580"]
[BlackElo "2300"]
[WhiteFideId "24650684"]
[BlackFideId "4141202"]
[EventDate "2022.11.12"]

1. e4 c6 2. d4 d5 3. f3 e6 4. Nc3 Bb4 5. Bd2 Ne7 6. h4 b6 7. h5 h6 8. g4 Ba6 9.
Bxa6 Nxa6 10. Nce2 Bxd2+ 11. Qxd2 dxe4 12. fxe4 c5 13. O-O-O cxd4 14. Nxd4 Nc5
15. Qf4 Qb8 16. e5 Nd5 17. Qg3 Ne4 18. Qh2 O-O 19. Ngf3 Rc8 20. Rde1 Ng5 21.
Nxg5 hxg5 22. h6 g6 23. h7+ Kh8 24. Kb1 Rc4 25. Nb5 Rxg4 26. Nd6 Qc7 27. Ref1
Nf4 28. Rf2 f5 29. a3 Rf8 30. Qh6 Qg7 31. Qh2 Rh4 32. Qg1 Rxh1 33. Qxh1 Qxe5 34.
Nc4 Qd4 35. Qf1 Rc8 36. b3 Kxh7 37. Rd2 Qg7 38. Qh1+ Kg8 39. Qd1 Nd5 40. a4 Nc3+
41. Kc1 Nxd1 42. Kxd1 g4 0-1

[Event "chess.com SpeedChess Q2Sw"]
[Site "chess.com INT"]
[Date "2022.11.12"]
[Round "3"]
[White "Adury, Anant"]
[Black "Samadov, Read"]
[Result "0-1"]
[BlackTitle "FM"]
[WhiteElo "2027"]
[BlackElo "2450"]
[WhiteFideId "30964687"]
[BlackFideId "13417444"]
[EventDate "2022.11.12"]

1. d4 Nf6 2. c4 e6 3. Nf3 d5 4. cxd5 exd5 5. Bf4 Bb4+ 6. Bd2 Bd6 7. Nc3 c6 8.
Bg5 h6 9. Bh4 O-O 10. e3 Bf5 11. Bd3 Bxd3 12. Qxd3 Nbd7 13. O-O Re8 14. Rfe1 Qc7
15. Bxf6 Nxf6 16. e4 dxe4 17. Nxe4 Nxe4 18. Rxe4 Rxe4 19. Qxe4 Qb6 20. Qe2 Rd8
21. g3 Bf8 22. Kg2 Qa5 23. b3 Qd5 24. h4 g6 25. Rc1 h5 26. Qc4 Bg7 27. Qxd5 Rxd5
28. Rc4 Kf8 29. Kg1 Ke7 30. Kf1 Kd7 31. Ke2 b5 32. Rc5 Kd6 33. Rxd5+ Kxd5 34.
Kd3 Bf6 35. Ke3 a5 36. Kd3 Bg7 37. Ke3 Bf8 38. Kd3 Bd6 39. Ng5 f5 40. Nh3 c5 41.
dxc5 Kxc5 42. Nf4 Bxf4 43. gxf4 Kb4 44. Kc2 Ka3 45. Kb1 a4 46. bxa4 Kxa4 47. Kc2
Ka3 48. Kb1 b4 49. Ka1 b3 50. axb3 Kxb3 51. Kb1 Kc3 52. Kc1 Kd3 53. Kd1 Ke4 0-1

[Event "chess.com SpeedChess Q2Sw"]
[Site "chess.com INT"]
[Date "2022.11.12"]
[Round "3"]
[White "Boruchovsky, Avital"]
[Black "Svane, Rasmus"]
[Result "0-1"]
[WhiteTitle "GM"]
[BlackTitle "GM"]
[WhiteElo "2552"]
[BlackElo "2619"]
[WhiteFideId "2800055"]
[BlackFideId "4657101"]
[EventDate "2022.11.12"]

1. e4 c6 2. d4 d5 3. e5 Bf5 4. h4 h5 5. c3 e6 6. Ne2 c5 7. Ng3 Bg6 8. Be3 Qb6 9.
Na3 Nc6 10. dxc5 Bxc5 11. Bxc5 Qxc5 12. Nb5 Kf8 13. b4 Qb6 14. Be2 Nxe5 15. O-O
Nf6 16. a4 a6 17. a5 Qc6 18. Nd4 Qxc3 19. Rc1 Qxb4 20. Rc7 Qxa5 21. Rxb7 Kg8 22.
f4 Neg4 23. f5 Bxf5 24. Ngxf5 exf5 25. Qc1 Re8 26. Bxg4 hxg4 27. Nxf5 Rh5 28.
Qf4 Re1 29. Rb8+ Kh7 30. Ne3 Rxf1+ 31. Kxf1 d4 32. Nxg4 Rf5 33. Nxf6+ gxf6 0-1

[Event "chess.com SpeedChess Q2Sw"]
[Site "chess.com INT"]
[Date "2022.11.12"]
[Round "3"]
[White "Sipahioglu, Irmak"]
[Black "Janaszak, Dawid"]
[Result "1-0"]
[BlackTitle "FM"]
[WhiteElo "2041"]
[BlackElo "2322"]
[WhiteFideId "6307205"]
[BlackFideId "1119206"]
[EventDate "2022.11.12"]

1. d4 Nf6 2. c4 g6 3. Nc3 Bg7 4. e4 d6 5. Nf3 O-O 6. Be2 Nbd7 7. O-O e5 8. Re1
Qe7 9. Bf1 c6 10. h3 Nh5 11. Be3 exd4 12. Nxd4 Nc5 13. Qd2 Nxe4 14. Nxe4 Qxe4
15. Bd3 Qh4 16. Nf3 Qd8 17. Rad1 f5 18. b4 Qc7 19. Bc2 Be6 20. Bb3 Rad8 21. Ng5
Bc8 22. Bxa7 h6 23. c5+ d5 24. Bb6 Qd7 25. Ne6 Rde8 26. Nxf8 Rxf8 27. Qe3 f4 28.
Qe7 Qf5 29. Rc1 Bb2 30. Bc2 Qf7 31. Qxf7+ Kxf7 32. Rb1 Bc3 33. Rec1 d4 34. a4
Kf6 35. b5 Bd7 36. Bd3 Re8 37. Bc7 Ra8 38. a5 cxb5 39. Bxb5 Bf5 40. Rb3 g5 41.
c6 bxc6 42. Bxc6 Rc8 43. Rb7 Ng7 44. a6 Ne6 45. a7 Nxc7 46. Rxc7 Rd8 47. a8=Q
Rxa8 48. Bxa8 Bb2 49. R1c6+ Ke5 50. Rc5+ Kd6 51. R7c6+ Kd7 52. Rd5+ Ke7 53. Rxf5
d3 54. Rd5 d2 55. Rcd6 1-0

[Event "chess.com SpeedChess Q2Sw"]
[Site "chess.com INT"]
[Date "2022.11.12"]
[Round "3"]
[White "Atakishiyev, Elmar"]
[Black "Guzman Moneo, Alberto"]
[Result "1-0"]
[WhiteTitle "FM"]
[BlackTitle "CM"]
[WhiteElo "2303"]
[BlackElo "2146"]
[WhiteFideId "13410547"]
[BlackFideId "2209616"]
[EventDate "2022.11.12"]

1. c4 e5 2. Nc3 Bb4 3. Nf3 Bxc3 4. dxc3 d6 5. g3 f5 6. Bg2 Nf6 7. O-O O-O 8. c5
e4 9. Ng5 h6 10. Qb3+ d5 11. Nh3 Nbd7 12. Be3 Qe7 13. Nf4 Qf7 14. Rfd1 c6 15.
Rac1 g5 16. Nh3 Ne5 17. Bd4 Nfd7 18. f4 Ng4 19. fxg5 hxg5 20. Nxg5 Qh5 21. h4
Nde5 22. Rf1 Rf6 23. c4 dxc4 24. Rxc4 Kh8 25. Qc3 Qe8 26. Bxe5 Qxe5 27. Qxe5
Nxe5 28. Rxe4 fxe4 29. Rxf6 Bg4 30. Bxe4 Bxe2 31. Re6 Nd3 32. Bf5 Rf8 33. g4 Nf4
34. Re7 1-0